Bayern A-Z - Statistiken

Allgemein
  • Dieses Quiz wurde 216 mal gespielt
  • Das Durchschnittsergebnis liegt bei 14 aus 17
Antwortstatistiken
Buchstabe Beschreibung Antwort % Korrekt
M Hauptstadt München
98%
N Zweitgrößte Stadt Nürnberg
98%
C Größter See Chiemsee
97%
D Zweitlängster Fluss Donau
97%
Z Höchster Berg Deutschlands Zugspitze
97%
L Kleidungsstück der bayerischen Tracht Lederhose
94%
I Fünftgrößte Stadt Bayerns und Geburtsstadt von Horst Seehofer Ingolstadt
93%
R Hauptstadt des Regierungsbezirks Oberpfalz und viertgrößte Stadt Regensburg
92%
W Mundartliche Bezeichnung für das größte Volksfest der Welt Wiesn
91%
S Nachname des amtierenden Ministerpräsidenten Markus Söder
89%
O Nachname des Physikers(*1789), der den elektrischen Widerstand erforschte. Georg Simon Ohm
83%
T See 50km südlich von M Tegernsee
75%
A Nachname des stellvertretenden Ministerpräsidenten/Wirtschaftsministers Hubert Aiwanger
56%
P Fluss durch N Pegnitz
56%
E Vorname eines ehemaligen Ministerpräsidenten, Kanzlerkandidaten und Vorsitzenden der CSU bis 2007(*1941) Edmund Stoiber
54%
F Amtlicher Namenszusatz Freistaat
52%
B Bergkette, die sich entlang der tschechisch-deutsch-österreichischen Grenze erstreckt. Böhmerwald
48%
Keine übereinstimmenden Quizze gefunden
Verteilung der Resultate
Anzahl Personen mit jedem Resultat
Perzentil nach korrekt beantworteten Fragen
Ihre Resultats-Entwicklung
Sie haben dieses Quiz noch nicht gespielt